000 00868nam a2200181 a 4500
008 120416s1999 ||||||||||||||||| || u
020 _a0074620975
050 _aHD 31 Bud
100 _aBudhiraja, S. B
245 1 0 _aCases in strategic management
260 _aNew Delhi
_bTata McGraw-Hill
_c1999
350 _a0.00
650 0 _aMANAGEMENT
650 _aSTRATEGIC MANAGEMENT
995 _aMAIN LIBRARY OPEN ACCESS
_D0.00
_e732987
_FCBU-MAIN LIBRARY (Kitwe)
_H3
_I0.00
_jHD 31 Bud
_M3
_UAVAILABLE
_y029741
_ZMain Library Open Access Collection
995 _aMAIN LIBRARY OPEN ACCESS
_D0.00
_e732986
_FCBU-MAIN LIBRARY (Kitwe)
_H1
_I0.00
_jHD 31 Bud
_M1
_UAVAILABLE
_WMay 19, 2006
_y029739
_ZMain Library Open Access Collection
995 _aMAIN LIBRARY OPEN ACCESS
_D0.00
_e732985
_FCBU-MAIN LIBRARY (Kitwe)
_H2
_I0.00
_jHD 31 Bud
_M2
_UAVAILABLE
_y029740
_ZMain Library Open Access Collection
999 _c79198
_d79198